000 00941cam a2200289 4500
008 090401t1995 xxu||||| |||| 00| 0 eng d
020 _a0415093287
035 _a(Sirsi) u29476
041 _aeng
050 _a333.332
100 _aBaum, Andrew
245 _aProperty investment appraisal
250 _a2nd.
260 _aLondon
_bRoutledge
_c1995
300 _axv,304p.; 24cm.
350 _a16.99
520 _aAn examination of both conventional and contemporary market valuation models and the assessment of worth, which in this new edition takes into account the effects of the recession on property investment.
520 _aSuperseded by 3rd edition (ISBN 9781405135559).
650 _aINVESTMENT ANALYSIS
650 _aINVESTMENT APPRAISAL
650 _aPROPERTY INVESTMENT
650 _aValuation
_96273
690 _aPROPERTY LAW AND PRACTICE
700 _aCrosby, Neil
942 _n0
948 _c04/03/1997
999 _c89425
_d89425